Normal view
MARC view
Entry Personal Name
001 - CONTROL NUMBER
- control field: 1630
003 - CONTROL NUMBER IDENTIFIER
- control field: csc
005 - DATE AND TIME OF LATEST TRANSACTION
- control field: 20140507162101.0
008 - FIXED-LENGTH DATA ELEMENTS
- fixed length control field: 130812|| aca||aabn | a|a d
040 ## - CATALOGING SOURCE
- Original cataloging agency: csc
- Transcribing agency: csc
100 ## - HEADING--PERSONAL NAME
- Personal name: Abellán, Fernando.
670 ## - SOURCE DATA FOUND
- Source citation: Work cat.: (csc)0: Sánchez Caro, Javier. 5499, Telemedicina y protección de datos sanitarios :, 2002.